000 00566 a2200181 4500
999 _c8386
_d8386
010 _aENG-88417
020 _c500.00
_a8179101347
035 _aEN-71950
037 _bDBAD / PUB
082 1 4 _a070.43
100 _aBasu, R.N.
245 1 _aNews reporting/
_cby R.N. Basu
260 _aJaipur
_bAavishkar Publishers, Distributors
_c2005
270 _a807,Vyas Building, Chaura Rasta,
_bJaipur
_e302 003
_cRajasthan
300 _av, 200p.
_c22cm (Hb)
500 _aIncludes bibliographical references and index
942 _adpl
_cEN
_2ddc
_h070.43
_mBAS